000 00613nam a2200241Ia 4500
003 OSt
005 20220928140449.0
006 a|||||r|||| 00| 0
007 ta
008 220927b |||||||| |||| 00| 0 eng d
024 _a8530
037 _cTextual
040 _aSDCL
_cSDCL
_beng
041 _2eng
_aeng
082 _aX:76, M1
100 _aWatson Donald Stevenson
_9495263
245 0 _aPrice theory and its uses.
250 _a5
260 _c1981
700 _a Getz Malcolm
_9495264
942 _hX:76, M1
_cTEXL
_2CC
999 _c811431
_d811431